00289nam a2200121Ia 4500008004100000041000900041082001800050100001500068245003000083260003700113300000900150650000800159230718s9999 xx 000 0 und d aEng. a342.42bMAH-R aMahmood,M" 0aRepublic of Pakistan 1973 aPakistanbResearch Academyc2014 a1987 aLaw